000 00337nam a2200109Ia 4500
008 171205s9999 xx 000 0 und d
020 _a9789715428354
100 _aAlamon, Arnold P.
245 _cArnold P. Alamon
_aThe Nation in Our Hearts: Essays on Mindanao
260 _bUniversity of the Philippines Press
_c2017
300 _a311 pages
999 _c347356
_d347356